000 00445nam a22001457a 4500
005 20260122102439.0
008 260122b |||||||| |||| 00| 0 eng d
020 _a9780072946604
050 _aHF5635
_b.P975 LAR
100 _aLarson Kermit D.
245 _aFundamental Accounting Principles
_cKermit D. Larson, John J. Wild & Barbara Chiappetta
250 _a17th Ed.
260 _aBoston
_bMcGraw-Hill/Irwin
_c2005
942 _2lcc
_cBK
_e17th Ed.
_n0
999 _c8614
_d8614